| Tag |
First Indicator |
Second Indicator |
Subfields |
| LEADER |
00000cam a2200000 a 4500 |
| 001 |
in00000014943 |
| 005 |
20151007052928.0 |
| 007 |
he bmb||||||| |
| 008 |
880112r19871987orua bb 00010 eng d |
| 035 |
|
|
|a (OCoLC)17336247
|
| 035 |
|
|
|9 AAA9749AM
|
| 040 |
|
|
|a ORU
|c SDB
|d SDB
|d HPE
|d TXA
|d UtOrBLW
|
| 049 |
|
|
|a TXAI
|
| 099 |
|
|
|a fiche
|a C
|a 10464
|
| 100 |
1 |
|
|a Swan, Pamela Diane.
|
| 245 |
1 |
4 |
|a The effect of habitual physical activity on left ventricular end diastolic diameter and left ventricular posterior wall thickness :
|b in postmenopausal women as measured by M-mode echocardiography /
|c by Pamela Diane Swan.
|
| 264 |
|
1 |
|a [Place of publication not identified] :
|b [publisher not identified] ;
|c 1987.
|
| 300 |
|
|
|a viii, 91 leaves :
|b illustrations
|
| 336 |
|
|
|a text
|b txt
|2 rdacontent
|
| 337 |
|
|
|a microform
|b h
|2 rdamedia
|
| 338 |
|
|
|a microfiche
|b he
|2 rdacarrier
|
| 502 |
|
|
|b M.S.
|c University of North Carolina at Greensboro
|d 1987.
|
| 504 |
|
|
|a Bibliography: leaves 65-75.
|
| 533 |
|
|
|a Microfiche.
|b Eugene :
|c Microform Publications, College of Human Development and Performance, University of Oregon,
|d 1987.
|e 2 microfiches : negative ; 11 x 15 cm.
|
| 500 |
|
|
|a Microform.
|
| 650 |
|
0 |
|a Heart
|x Ventricles.
|
| 650 |
|
0 |
|a Exercise for women
|x Physiological aspects.
|
| 650 |
|
0 |
|a Heart
|x Hypertrophy.
|
| 650 |
|
0 |
|a Middle-aged women
|x Physiology.
|
| 650 |
|
0 |
|a Echocardiography.
|
| 999 |
|
|
|a MARS
|
| 999 |
f |
f |
|s 993578e2-5e8a-3990-bb51-a2acc026725e
|i 5d260e44-71c9-3210-90d0-e4fd8bced24c
|t 0
|
| 952 |
f |
f |
|p default
|a Texas A&M University
|b College Station
|c Sterling C. Evans Library
|d Evans: Microforms (3rd floor)
|t 0
|e fiche C 10464
|h Other scheme
|i microform -- microfiche
|
| 998 |
f |
f |
|a fiche C 10464
|t 0
|l Evans: Microforms (3rd floor)
|